[Event "Hospitalet de Llobregat Ponce 3rd"]
[Site "Hospitalet de Llobregat"]
[Date "2017.04.08"]
[Round "2"]
[White "Maqueda Berdugo, Francisco"]
[Black "Aracil Campoy, Manuel"]
[Result "0-1"]
[WhiteElo "1746"]
[BlackElo "1934"]
[PlyCount "68"]
[EventDate "2017.04.01"]
[EventType "swiss"]
[EventRounds "9"]
[EventCountry "ESP"]
[SourceTitle "EXT 2018"]
[Source "ChessBase"]
[SourceDate "2017.10.13"]
[SourceVersion "1"]
[SourceVersionDate "2017.10.13"]
[SourceQuality "1"]

1. e4 c6 2. d4 d5 3. Nc3 dxe4 4. Nxe4 Bf5 5. Ng3 Bg6 6. h4 h6 7. Nf3 Nd7 8. h5 Bh7 9. Bd2 Qc7 10. Bc4 e6 11. Bb3 Bd6 12. Ne2 Ngf6 13. Nc3 0-0-0 14. Qe2 Rhe8 15. 0-0-0 Kb8 16. Kb1 Rc8 17. Ne1 a5 18. a4 Qb6 19. Ka1 e5 20. Be3 exd4 21. Qd2 c5 22. Nb5 Be5 23. Bf4 c4 24. Bxe5+ Nxe5 25. Ba2 d3 26. c3 Ne4 27. Qf4 Nxf2 28. Nf3 f6 29. Rhe1 Nxd1 30. Nxe5 fxe5 31. Rxe5 Rxe5 32. Qxe5+ Ka8 33. Qxg7 Qe3 34. Kb1 Qd2 0-1

[Event "L'Hospitalet de Llobregat op 6th"]
[Site "L'Hospitalet de Llobregat"]
[Date "2015.05.16"]
[Round "5.7"]
[White "Aracil Campoy, Manuel"]
[Black "Moran Soria, Jorge"]
[Result "0-1"]
[WhiteElo "2082"]
[BlackElo "2001"]
[PlyCount "100"]
[EventDate "2015.04.11"]
[EventType "swiss"]
[EventRounds "8"]
[EventCountry "ESP"]
[SourceTitle "EXT 2024"]
[Source "ChessBase"]
[SourceDate "2023.10.10"]
[SourceVersion "1"]
[SourceVersionDate "2023.10.10"]
[SourceQuality "1"]

1. d4 Nf6 2. c4 e6 3. Nc3 Bb4 4. Bg5 c5 5. Bxf6 Qxf6 6. e3 Nc6 7. Nf3 g5 8. h3 b6 9. Rc1 Bb7 10. Be2 0-0-0 11. d5 Ne5 12. 0-0 Bxc3 13. Rxc3 h5 14. Nxe5 Qxe5 15. f4 gxf4 16. exf4 Qf5 17. Ra3 Kb8 18. Qa4 a6 19. Bf3 exd5 20. Rd1 Qxf4 21. Bxd5 b5 22. Qc2 Bxd5 23. Rxd5 Qxc4 24. Qf5 Rhg8 25. Rxa6 Qc1+ 26. Kh2 Rxg2+ 27. Kxg2 Rg8+ 28. Kf3 Qf1+ 29. Ke4 Qe2+ 30. Kf4 Qh2+ 31. Ke4 Re8+ 32. Re5 Qg2+ 33. Kf4 Qd2+ 34. Kf3 Qd1+ 35. Ke4 d5+ 36. Kf4 Qd4+ 37. Kf3 Qd1+ 38. Kf2 Qd4+ 39. Kf3 Qxe5 40. Qxe5+ Rxe5 41. Rb6+ Kc7 42. Rxb5 Rf5+ 43. Kg3 d4 44. b4 Kc6 45. Rb8 c4 46. a4 Kc7 47. Re8 c3 48. Re4 c2 49. Re1 d3 50. Rc1 Kb7 0-1